01675nam a2200277Ia 4500008004100000020001400041040001800055041000800073245008500081246002700166260006500193300003400258500042800292508015900720511010800879546004600987650002001033650005301053650005601106650003301162650001701195650004001212700003101252710002501283856008901308130821s1988 xxua gs eng  a783249268 aCo-BoUCMbspa00aeng00aTalk Radio the last neighborhood in Americac[DVD]c[dirigida por] Oliver Stone aHablando con la muerte aWashington D.C. (Estados Unidos)bCineplex Odeon Filmsc1988 a1 DVD (109 min. )bson. color aSINOPSIS : Barry Champlain es un cínico y cruel animador de un programa de radio nocturno de gran audiencia en Dallas. Es una persona voluble, muchas veces simpático, pero también punzante y odioso en ocasiones, que incluso recibe amenazas por sus afirmaciones y opiniones claras y contundentes; un día de trabajo en la radio, Barry recibe la llamada de un psicópata que dice que lo quiere matar esta misma noche. aDirector, Oliver Stone; Productor, Edward R. Pressman; Guión, Eric Bogosian & Oliver Stone; Música, Stewart Copeland; Fotografía, Robert Richardson. aEric Bogosian, Ellen Greene, John C. McGinley, Leslie Hope, Alec Baldwin, Michael Wincott, John Pankow. aAudio en Inglés, Español y Francés.04aEntretenimiento04aLocutores de radioxAspectos sociológicosvDVD04aPelículas cinematográficaszEstados UnidosvDVD04aPelículas de suspensovDVD04aSociología04aTrastornos mentales en el cinevDVD1 aStone, Oliverd1946-edir.2 aCineplex Odeon Films04uhttp://www.youtube.com/watch?v=M5E9RV9TyEozSiga este vínculo para ver el trailer.